000 00688nam a2200241Ia 4500
003 OSt
005 20221005080210.0
006 a|||||r|||| 00| 0
007 ta
008 221004b |||||||| |||| 00| 0 eng d
020 _a0 86131 747 5 (hbk)
024 _a120569
037 _bGift, 04/08/2012,
_cTextual
040 _aCRL
_cCRL
_beng
041 _2eng
_aeng
082 _aV2:1:L7, G2;N1.1
100 _aSarkar Jadunath
245 0 _aFall of Mughal empire
_b 1754-1771
260 _aNew Delhi
_bOrient Longman Ltd. India
_c1991
650 _aHISTORY
942 _hV2:1:L7, G2;N1.1
_cTEXL
_2cc
999 _c985815
_d985815